[Event "ch-UKR w 2011"]
[Site "Poltava UKR"]
[Date "2011.10.13"]
[Round "7.1"]
[White "Dolzhikova,K"]
[Black "Andrenko,I"]
[Result "1-0"]
[WhiteElo "2311"]
[BlackElo "2231"]

1.e4 g6 2.d4 Bg7 3.Nc3 d6 4.f4 a6 5.Nf3 b5 6.Bd3 Nd7 7.O-O c5 8.Be3 Bb7 9.e5 b4
10.Be4 Rb8 11.Bxb7 bxc3 12.Bc6 cxb2 13.Rb1 Qc8 14.d5 Nh6 15.Bd2 O-O 16.Bc3 dxe5
17.fxe5 Nf5 18.Qe2 e6 19.Bxb2 Nb6 20.c4 Ne7 21.Ba3 Nxc6 22.Bxc5 exd5 23.Bxf8 Bxf8
24.cxd5 Nxd5 25.Rxb8 Nxb8 26.Ng5 Ne3 27.Qf3 f5 28.exf6 Bc5 29.f7+ Kf8 30.Nxh7+ Kg7
31.f8=Q+ Bxf8 32.Qf7+ Kh6 33.Qxf8+ Qxf8 34.Rxf8 Nd7 35.Rd8 Nc5 36.Nf6 Kg5
37.Nd5 Nf5 38.Rc8 Nb7 39.Rc6 a5 40.Rb6 Nfd6 41.Nc3 Kf4 42.Nb5 Ke5 43.Nxd6 Nxd6
44.Ra6  1-0

[Event "49th ch-IND NatA"]
[Site "Aurangabad IND"]
[Date "2011.10.14"]
[Round "6"]
[White "Padmini,R"]
[Black "Lalith,B"]
[Result "1-0"]
[WhiteElo "2356"]
[BlackElo "2495"]

1.e4 g6 2.d4 Bg7 3.Nc3 d6 4.Nf3 a6 5.Bc4 b5 6.Bb3 Bb7 7.O-O e6 8.Re1 Ne7
9.Bf4 Nd7 10.a4 b4 11.Na2 a5 12.c3 Nf6 13.cxb4 Nxe4 14.b5 O-O 15.Nc3 Nf6
16.Rc1 Qd7 17.Nd2 Nfd5 18.Nxd5 Bxd5 19.Bg5 f6 20.Be3 Rfc8 21.Nc4 Rcb8 22.Na3 f5
23.Nc4 h6 24.h4 Kh7 25.Rc3 Bb7 26.Qd2 Nd5 27.Rcc1 c6 28.Nxa5 cxb5 29.Nxb7 Qxb7
30.a5 b4 31.Bf4 Nxf4 32.Qxf4 e5 33.dxe5 dxe5 34.Qc4 Rxa5 35.Red1 Qe7 36.Qc7 Qxc7
37.Rxc7 Raa8 38.Rdd7 Rg8 39.Bxg8+ Rxg8 40.Rb7 e4 41.Rxb4 h5 42.Rbb7 Kh6 43.b4 f4
44.Rxg7  1-0

[Event "II Oliver Gonzalez Memorial"]
[Site "Madrid ESP"]
[Date "2011.10.14"]
[Round "7.45"]
[White "De Vega Fernandez,Francisco J."]
[Black "Perez Cameselle,F"]
[Result "0-1"]
[WhiteElo "1829"]
[BlackElo "1938"]

1.e4 g6 2.d4 d6 3.Nc3 Bg7 4.f4 Nf6 5.Nf3 c5 6.Be3 Ng4 7.Qd2 Nxe3 8.Qxe3 cxd4
9.Nxd4 Qb6 10.O-O-O O-O 11.Nd5 Qd8 12.h4 Nc6 13.h5 Nxd4 14.Rxd4 Bxd4 15.Qxd4 e5
16.Qe3 Be6 17.hxg6 fxg6 18.f5 Bxd5 19.Qh6 Qe7 20.exd5 Rxf5 21.Bd3 Qg5+ 22.Qxg5 Rxg5
23.Be4 Rf8 24.Kd2 Rf4 25.Re1 Rg3 26.c3 Rf2+ 27.Re2 Rxe2+ 28.Kxe2 h5 29.b4 Kg7
30.c4 Ra3 31.Bb1 b6 32.c5 bxc5 33.bxc5 dxc5 34.d6 Ra6  0-1

[Event "TCh-MNE 1st League"]
[Site "Tivat MNE"]
[Date "2011.10.15"]
[Round "8.5"]
[White "Batricevic,S"]
[Black "Vulevic,V"]
[Result "1-0"]
[WhiteElo "2240"]
[BlackElo "2321"]

1.e4 g6 2.d4 Bg7 3.Nc3 d6 4.Bg5 c5 5.dxc5 Qa5 6.Nf3 Bg4 7.Be2 Bxf3 8.Bxf3 Bxc3+
9.bxc3 Qxc3+ 10.Bd2 Qxc5 11.Rb1 Nc6 12.Rxb7 Nf6 13.O-O O-O 14.Be3 Qc4 15.Bg5 Nxe4
16.Bh6 Rab8 17.Rxb8 Rxb8 18.Qd3 Rb4 19.Bxe4 Qxe4 20.Qc3 f6 21.a3 Rb8 22.Re1 Qd5
23.h4 e5 24.h5 g5 25.Qh3 Ne7 26.Qd7 Kf7 27.Qxa7 Qb7 28.Qa4 Nf5 29.Re4 Nxh6
30.Rb4 Qc7 31.Qb3+  1-0

[Event "Indonesia Open"]
[Site "Jakarta INA"]
[Date "2011.10.16"]
[Round "5.15"]
[White "Cao,S"]
[Black "Ahmadinia,E"]
[Result "1/2-1/2"]
[WhiteElo "2529"]
[BlackElo "2430"]

1.e4 g6 2.d4 Bg7 3.Nc3 d6 4.Be3 Nf6 5.h3 c6 6.Nf3 Nbd7 7.Bd3 e5 8.Qd2 O-O
9.O-O Qe7 10.Rfe1 b5 11.a4 b4 12.Na2 a5 13.c3 bxc3 14.Nxc3 Bb7 15.Bh6 Bxh6
16.Qxh6 Ba6 17.Rad1 Rfb8 18.Bxa6 Rxa6 19.Rd2 exd4 20.Nxd4 Ne5 21.b3 Ned7
22.Re3 Qf8 23.Qh4 Ne8 24.Nce2 Nc5 25.Qg3 Rab6 26.Rc2 Nf6 27.Qf3 Nfd7 28.Ng3 Ne5
29.Qd1 Nxb3 30.Nxb3 Rxb3 31.Rxb3 Rxb3 32.Rxc6 Nxc6 33.Qxb3 Nb4 34.Qd1 Qe7
35.Qd4  1/2-1/2

[Event "Indonesia Open"]
[Site "Jakarta INA"]
[Date "2011.10.17"]
[Round "7.38"]
[White "Abubakar,N"]
[Black "Gunawan,J"]
[Result "0-1"]
[WhiteElo "2191"]
[BlackElo "2308"]

1.e4 d6 2.d4 g6 3.Nc3 Bg7 4.h3 Nc6 5.Nf3 Nf6 6.Be3 O-O 7.Qd2 e5 8.d5 Ne7
9.g4 c6 10.g5 Nh5 11.Bc4 b5 12.Bb3 b4 13.Ne2 cxd5 14.Bxd5 Nxd5 15.exd5 Bf5
16.Nh4 Qc8 17.O-O-O Bd7 18.Qxb4 Qa6 19.Nc3 Rfc8 20.Ne4 Rab8 21.Qa3 Qc4  0-1

[Event "49th ch-IND NatA"]
[Site "Aurangabad IND"]
[Date "2011.10.18"]
[Round "10"]
[White "Ravi,TeS"]
[Black "Koshy,V"]
[Result "1/2-1/2"]
[WhiteElo "2300"]
[BlackElo "2279"]

1.d4 d6 2.e4 g6 3.Nc3 Bg7 4.g3 Nf6 5.Bg2 O-O 6.Nge2 e5 7.O-O Nc6 8.d5 Ne7
9.Qd3 c6 10.dxc6 bxc6 11.b3 Qc7 12.Ba3 Rd8 13.Rad1 Ne8 14.Na4 Be6 15.f4 f5
16.exf5 Nxf5 17.c4 Rac8 18.g4 Nd4 19.Nxd4 exd4 20.f5 Bf7 21.g5 gxf5 22.Qxf5 Bg6
23.Qe6+ Bf7 24.Qf5 Bg6 25.Qe6+ Bf7 26.Qg4 Be5 27.Qh4 Bg6 28.Bh3 Ng7 29.Rxd4 Rf8
30.Rdd1 Nf5 31.Bxf5 Bxf5 32.Bb2 Bxb2 33.Nxb2 Qg7 34.Qd4 Qxg5+ 35.Kh1 Bg6
36.Nd3 Rce8 37.Rg1 Qf6 38.Qxf6 Rxf6 39.Rd2 Kh8 40.Rg3 d5 41.cxd5 cxd5 42.Nf2 d4
43.Kg2 d3 44.Nxd3 Rd6 45.Kf2 h5 46.Re3 Red8 47.Ke2 h4 48.b4 Kg7 49.a4 Kf6
50.b5 Rd5 51.Rf3+ Kg7 52.Re3 Bf5 53.Re7+ Kf6 54.Re3 R8d7 55.Rf3 Ke7 56.Re3+ Kd8
57.h3 Bg6 58.a5 Rxb5 59.Ne5 Rxd2+ 60.Kxd2 Bf5 61.Nc4 Kd7 62.Re5  1/2-1/2

[Event "49th ch-IND NatA"]
[Site "Aurangabad IND"]
[Date "2011.10.18"]
[Round "10"]
[White "Venkatesh,M"]
[Black "Lalith,B"]
[Result "1-0"]
[WhiteElo "2479"]
[BlackElo "2495"]

1.e4 g6 2.d4 Bg7 3.Nc3 d6 4.Be3 a6 5.Bd3 Nf6 6.Nf3 Bg4 7.h3 Bxf3 8.Qxf3 Nc6
9.O-O-O e6 10.e5 dxe5 11.dxe5 Nd7 12.Be4 Ncxe5 13.Qe2 Qe7 14.f4 Nc6 15.Bxc6 bxc6
16.Qc4 O-O 17.Qxc6 Rfd8 18.Ne4 Rab8 19.c3 Nb6 20.Bc5 Qe8 21.Qxe8+ Rxe8 22.Bxb6 cxb6
23.g4 b5 24.Rd6 b4 25.c4 a5 26.Ra6 b3 27.Rxa5 Red8 28.Re1 Rd4 29.axb3 Rxb3
30.Ra8+ Bf8 31.Nf6+ Kg7 32.Ne8+ Kg8 33.Nd6 Kg7 34.Ne8+ Kh8 35.Nd6 Kg8 36.c5 Kg7
37.Ne8+ Kg8 38.Nd6 Kg7 39.Re4 Rxe4 40.Nxe4 Rb4 41.Nd6 Rxf4 42.Rxf8 Rf1+ 43.Kd2 Kxf8
44.c6 Rf2+ 45.Kd3 Ke7 46.c7 Kxd6 47.c8=Q Rxb2 48.Qd8+ Kc6 49.Qc8+ Kd6 50.Qa6+ Kc7
51.Qc4+ Kb7 52.Qe4+ Kc8 53.Qc4+ Kb7 54.g5 Rb1 55.Qf4 Rb3+ 56.Kc4 Rxh3 57.Qxf7+ Kb8
58.Kc5 Rc3+ 59.Kd6 Re3 60.Qc7+ Ka8 61.Qc6+  1-0

[Event "Indonesia Open"]
[Site "Jakarta INA"]
[Date "2011.10.18"]
[Round "8.14"]
[White "Shabalov,A"]
[Black "Dimakiling,O"]
[Result "1-0"]
[WhiteElo "2529"]
[BlackElo "2414"]

1.e4 d6 2.d4 g6 3.Nc3 Bg7 4.Be3 c6 5.h3 b5 6.Nf3 a6 7.Bd3 Nd7 8.O-O Bb7 9.a4 Qc7
10.axb5 cxb5 11.Re1 e6 12.Qd2 Ne7 13.Bg5 f6 14.Bh6 O-O 15.Bxg7 Kxg7 16.Nd1 Rae8
17.Ne3 Nb6 18.b3 f5 19.Ng5 Qd7 20.d5 exd5 21.exf5 gxf5 22.Qc3+ Kg8 23.Ng4  1-0

[Event "Indonesia Open"]
[Site "Jakarta INA"]
[Date "2011.10.18"]
[Round "8.24"]
[White "Liu Dede"]
[Black "Hamdani,R"]
[Result "1/2-1/2"]
[WhiteElo "2402"]
[BlackElo "2296"]

1.e4 g6 2.d4 Bg7 3.Nc3 d6 4.h3 Nf6 5.Nf3 O-O 6.Be2 c6 7.a4 Nbd7 8.O-O Qc7
9.Re1 e5 10.dxe5 Nxe5 11.Nxe5 dxe5 12.Bc4 Qe7 13.Qe2 Be6 14.Bg5 h6 15.Bh4 Rfd8
16.Red1 b6 17.Bxf6 Qxf6 18.Bxe6 Qxe6 19.Rxd8+ Rxd8 20.Rd1 Qe8 21.Rxd8 Qxd8
22.Qd1 Bf6 23.Qxd8+ Bxd8 24.Kf1 Kf8 25.Ke2 Ke7 26.Kd3 a5 27.Kc4 Kd7 28.Ne2 Be7
29.c3 Bd6 30.Nc1 Ke6 31.Ne2  1/2-1/2

[Event "1st Central Asia Cup"]
[Site "Tashkent UZB"]
[Date "2011.10.18"]
[Round "1.3"]
[White "Kotsur,P"]
[Black "Anarkulov,A"]
[Result "1-0"]
[WhiteElo "2558"]
[BlackElo "2254"]

1.e4 g6 2.d4 Bg7 3.Nc3 d6 4.f4 e5 5.dxe5 dxe5 6.Qxd8+ Kxd8 7.Nf3 exf4 8.Bxf4 c6
9.O-O-O+ Ke8 10.e5 Nd7 11.Ne4 Nb6 12.Nd6+ Kf8 13.Be2 h6 14.Rhf1 Ne7 15.c4 Kg8
16.b3 Kh7 17.a4 Rd8 18.Nxf7 Rf8 19.e6 Bxe6 20.N3g5+ hxg5 21.Nxg5+ Kg8 22.Nxe6 Rxf4
23.Nxf4 Nf5 24.a5  1-0

[Event "XXIX Balaton Open A"]
[Site "Heviz HUN"]
[Date "2011.10.19"]
[Round "2"]
[White "Genda,K"]
[Black "Pap,G"]
[Result "0-1"]
[WhiteElo "2091"]
[BlackElo "2492"]

1.e4 g6 2.d4 Bg7 3.Nc3 d6 4.Be3 c6 5.Qd2 b5 6.Bd3 Nf6 7.f3 Nbd7 8.Nge2 e5
9.d5 cxd5 10.Nxb5 Nb6 11.Qb4 O-O 12.Nxa7 dxe4 13.Bxb6 Nd5 14.Bxd8 Nxb4 15.fxe4 Rxa7
16.Bg5 f5 17.Bd2 Nxd3+ 18.cxd3 Ba6 19.Bb4 Rb8 20.Bxd6 Rxb2 21.exf5 e4 22.fxg6 Bxd3
23.gxh7+ Kxh7 24.Nf4 Bc3+ 25.Kd1 Raxa2  0-1

[Event "1st Central Asia Cup"]
[Site "Tashkent UZB"]
[Date "2011.10.19"]
[Round "2.10"]
[White "Ismagambetov,An"]
[Black "Rustamov,Al"]
[Result "1/2-1/2"]
[WhiteElo "2500"]
[BlackElo "2201"]

1.e4 g6 2.d4 Bg7 3.Nc3 d6 4.Be3 Nf6 5.h3 O-O 6.Nf3 c6 7.a4 Nbd7 8.Be2 e5
9.O-O Qe7 10.dxe5 dxe5 11.a5 Nc5 12.Nd2 Rd8 13.Qb1 Ne6 14.Rd1 Nd4 15.Bf1 Nh5
16.Ne2 f5 17.exf5 Nxf5 18.Nc4 Be6 19.Nc3 Nxe3 20.Nxe3 Rd4 21.Ne2 Rxd1 22.Qxd1 Rd8
23.Qe1 Qg5 24.Qb4 Rd7 25.Rd1 Bf8 26.Qc3 Rf7 27.Nc1 Nf4 28.Kh2 e4 29.Qd4 Bd5
30.g3 Bd6 31.Qd2 Nh5 32.Ng2 Qe5 33.Qe1 Qxb2 34.Be2 Qxc2 35.Bxh5 gxh5 36.Ne2 e3
37.Nxe3 Qe4 38.Nc3 Qf3 39.Nexd5 cxd5 40.Rxd5 Qxf2+ 41.Qxf2 Rxf2+ 42.Kg1 Rf3
43.Ne4 Bc7 44.Rg5+ Kf8 45.Kg2 Re3 46.Nf6 h6 47.Rxh5 Rxg3+ 48.Kf2  1/2-1/2

[Event "TCh-CZE Liga1 Vychod"]
[Site "Czech Rep CZE"]
[Date "2011.10.23"]
[Round "2"]
[White "Fuksik, Jakub"]
[Black "Korenek, Petr"]
[Result "1-0"]
[WhiteElo "2145"]
[BlackElo "2183"]

1.e4 g6 2.d4 Bg7 3.Nc3 d6 4.Nf3 Nf6 5.Bc4 O-O 6.Qe2 c6 7.a4 d5 8.Bb3 Bg4
9.e5 Nfd7 10.O-O e6 11.Nb1 c5 12.c3 Nc6 13.Be3 Rc8 14.Nbd2 cxd4 15.cxd4 a6
16.h3 Bxf3 17.Nxf3 Qb6 18.Ra3 Na5 19.Ba2 Rc6 20.Rb1 Rfc8 21.Rd3 Rc2 22.Rd2 R2c7
23.Ne1 Bf8 24.Nd3 Nb3 25.Rdd1 Rc2 26.Qg4 Na5 27.h4 Nc4 28.Bxc4 R8xc4 29.b3 Rc8
30.b4 R2c4 31.Nc5 Nxc5 32.bxc5 Qc7 33.Qe2 Rxa4 34.Rb6 Be7 35.g3 a5 36.Rdb1 Rb4
37.R1xb4 axb4 38.Qb5 f6 39.Rxb7 Qd8 40.Qa6  1-0

[Event "1st Central Asia Cup"]
[Site "Tashkent UZB"]
[Date "2011.10.23"]
[Round "6.24"]
[White "Gadoev,T"]
[Black "Temirov,B"]
[Result "0-1"]
[WhiteElo "2025"]
[BlackElo "2292"]

1.e4 d6 2.d4 g6 3.Nc3 Bg7 4.g3 Nc6 5.d5 Ne5 6.Bg2 e6 7.Nge2 exd5 8.f4 Nc6
9.exd5 Nce7 10.O-O h5 11.h3 Nh6 12.Be3 Nef5 13.Bf2 O-O 14.Kh2 Bd7 15.Nd4 Re8
16.Nxf5 Nxf5 17.Qd2 c5 18.dxc6 bxc6 19.Rab1 Qa5 20.b4 Qc7 21.Ne4 Be6 22.a3 Bc4
23.Rfe1 d5 24.Ng5 Bh6 25.Rxe8+ Rxe8 26.Re1 Rxe1 27.Qxe1 h4 28.Qe8+ Kg7 29.Bc5 Bxg5
30.fxg5 Qxg3+ 31.Kh1 Qc7 32.Qf8+ Kh7 33.Bf3 a6 34.Bg4 d4 35.Bf3 Qf4 36.Bxc6 Qf1+
37.Kh2 Qf2+ 38.Bg2 Bd5  0-1

[Event "33rd Arco Open"]
[Site "Arco ITA"]
[Date "2011.10.24"]
[Round "3"]
[White "De Eccher,S"]
[Black "Goli,D"]
[Result "1/2-1/2"]
[WhiteElo "2259"]
[BlackElo "1941"]

1.e4 g6 2.d4 Bg7 3.Nc3 d6 4.g3 Nf6 5.Bg2 c6 6.a4 a5 7.Nge2 Qc7 8.O-O Nbd7
9.h3 e5 10.Be3 O-O 11.Qd2 Ne8 12.Rad1 Rb8 13.Kh1 f6 14.f4 Rf7 15.Ng1 Nf8
16.Nf3 Be6 17.b3 Rd7 18.d5 Bf7 19.h4 Re7 20.fxe5 fxe5 21.Bh3 Nf6 22.dxc6 Qxc6
23.Qxd6 Qxd6 24.Rxd6 Rc7 25.Rd3 Rxc3 26.Rxc3 Nxe4 27.Rc5 Nxg3+ 28.Kg2 Nxf1
29.Kxf1 Ne6 30.Rxa5 Nf4 31.Bxf4 exf4 32.Ng5 Bf6 33.Rb5 h6 34.Nxf7 Kxf7 35.h5 Bd4
36.Rd5 Be3 37.Rd7+ Kf6 38.Rd6+ Kg5 39.Rxg6+ Kxh5 40.Rg7 Rd8 41.Bg4+ Kh4 42.Be2 Rd2
43.Rg4+ Kh3 44.Rg2 b6 45.c4 Kh4 46.Rg4+ Kh3 47.Rg6 Rb2 48.Rxh6+ Kg3 49.Rg6+ Kh3
50.Bd1 Bc5 51.Ke1 Bb4+ 52.Kf1 Bc5 53.Bg4+ Kh4 54.Bd1 Kh3  1/2-1/2

[Event "29th Muensterland Open"]
[Site "Senden GER"]
[Date "2011.10.24"]
[Round "5.10"]
[White "Rueberg,J"]
[Black "Niering,T"]
[Result "1-0"]
[WhiteElo "2162"]
[BlackElo "2054"]

1.e4 g6 2.d4 Bg7 3.Nc3 d6 4.Bg5 h6 5.Be3 e6 6.Be2 Ne7 7.Qd2 a6 8.f3 Nd7 9.Rd1 b6
10.Nh3 Bb7 11.O-O Nf6 12.b4 d5 13.Nf2 Nd7 14.a4 f5 15.Nd3 g5 16.exd5 exd5
17.Ne5 Nxe5 18.dxe5 Bxe5 19.f4 gxf4 20.Bxf4 Qd6 21.Bxe5 Qxe5 22.Bh5+ Kd7
23.Rfe1 Qg7 24.Bf3 Rad8 25.Ne2 Kc8 26.Nd4 Qf7 27.b5 a5 28.Ne6 Rd7 29.c4 Kb8
30.c5 Bc8 31.cxb6 cxb6 32.Qd4 Ka7 33.Qxh8 Bb7 34.Nd8 Qg6 35.Nxb7 Rxb7 36.Qe5 Qg5
37.Qg3 Qf6 38.Bxd5 f4 39.Qf3 Rc7 40.Bc6 Nf5  1-0

[Event "29th Muensterland Open"]
[Site "Senden GER"]
[Date "2011.10.24"]
[Round "5.3"]
[White "Karpatchev,A"]
[Black "Podzielny,KH"]
[Result "1-0"]
[WhiteElo "2481"]
[BlackElo "2470"]

1.e4 g6 2.d4 Bg7 3.Nc3 d6 4.f4 Nf6 5.Nf3 O-O 6.Be3 a6 7.e5 Nfd7 8.h4 c5 9.e6 fxe6
10.h5 gxh5 11.Rxh5 Nf6 12.Rh1 cxd4 13.Nxd4 Nc6 14.Bd3 Qb6 15.Bxh7+ Nxh7 16.Qd3 Nf6
17.O-O-O Nb4 18.Qg6 Qd8 19.Rh4 Qe8 20.Qg3 e5 21.fxe5 dxe5 22.Nf3 Nh5 23.Qh2 Nf4
24.a3 Nxc2 25.Bxf4 exf4 26.Rh8+ Bxh8 27.Rh1 Bg7 28.Qh7+ Kf7 29.Ng5+ Kf6 30.Nce4+ Ke5
31.Qxg7+ Rf6 32.Nxf6 exf6 33.Nf7+ Kd5 34.Qxf6 Ne3 35.Rh5+ Bf5 36.Qd6+ Kc4
37.Qb4+ Kd5 38.Qd6+ Kc4 39.Rxf5 Qc8 40.Rg5 Nf5 41.Rxf5  1-0

[Event "33rd Arco Open"]
[Site "Arco ITA"]
[Date "2011.10.25"]
[Round "4.47"]
[White "Cavatorta,I"]
[Black "Catalfamo,Santo"]
[Result "1-0"]
[WhiteElo "1808"]
[BlackElo "1915"]

1.e4 d6 2.d4 g6 3.Nc3 Bg7 4.Nf3 c6 5.a4 Nd7 6.Bc4 e6 7.O-O Ne7 8.Bf4 d5 9.exd5 exd5
10.Re1 dxc4 11.Bd6 Bf6 12.Ne4 h6 13.Nxf6+ Nxf6 14.Rxe7+ Qxe7 15.Bxe7 Kxe7
16.Qe2+ Be6 17.Ne5 Rad8 18.Re1 Rxd4 19.Nxg6+ Kd8 20.Qe5  1-0

[Event "World Youth U16 Ol"]
[Site "Kocaeli TUR"]
[Date "2011.10.25"]
[Round "2.19"]
[White "Cizinsky,P"]
[Black "Iskandarov,M"]
[Result "0-1"]
[WhiteElo "2178"]
[BlackElo "2300"]

1.e4 g6 2.d4 Bg7 3.Nc3 d6 4.f4 c6 5.Nf3 b5 6.Bd3 Bg4 7.Be3 Qb6 8.e5 dxe5
9.fxe5 Bxe5 10.Qe2 Bg7 11.O-O-O Nf6 12.d5 Qa5 13.Bc5 O-O 14.Qxe7 Na6 15.Bd4 Rfe8
16.Qb7 Rab8 17.Qxc6 Nb4 18.Qd6 Bxf3 19.gxf3 Red8 20.Qg3 Nxa2+ 21.Kb1 Nh5
22.Qf2 Nxc3+ 23.bxc3 b4 24.c4 b3 25.c3 b2 26.Kc2 b1=Q+ 27.Rxb1 Qa2+ 28.Kc1 Bh6+  0-1

[Event "33rd Arco Open"]
[Site "Arco ITA"]
[Date "2011.10.26"]
[Round "5"]
[White "Sigillo,C"]
[Black "Kern,B"]
[Result "1-0"]
[WhiteElo "1773"]
[BlackElo "1691"]

1.e4 g6 2.d4 d6 3.Nc3 Bg7 4.Bc4 Nc6 5.Be3 Nf6 6.f3 O-O 7.Qd2 a6 8.a4 Bd7
9.Nge2 e5 10.d5 Ne7 11.g4 b5 12.axb5 axb5 13.Rxa8 Qxa8 14.Nxb5 Bxb5 15.Bxb5 Qa1+
16.Qc1 Qa5+ 17.Nc3 Rb8 18.Bd3 c6 19.dxc6 Nxc6 20.O-O d5 21.Nxd5 Nxd5 22.exd5 Qxd5
23.Be4 Qe6 24.c3 f5 25.gxf5 gxf5 26.Bb1 e4 27.fxe4 fxe4 28.Qc2 Qg6+ 29.Kh1 Ne7
30.Rg1 Qf5 31.Qg2 Qf3 32.Bxe4 Qxg2+ 33.Rxg2  1-0

[Event "33rd Arco Open"]
[Site "Arco ITA"]
[Date "2011.10.26"]
[Round "5"]
[White "Benenati,Gianfranco"]
[Black "Thonig,M"]
[Result "1-0"]
[WhiteElo "1800"]
[BlackElo "1647"]

1.e4 g6 2.d4 Bg7 3.Nc3 d6 4.Nf3 Nd7 5.Be3 e6 6.Qd2 Ne7 7.Bc4 h6 8.O-O Nf6
9.Bb3 Ng4 10.Bf4 g5 11.Bg3 Bd7 12.h3 Nf6 13.e5 Nh5 14.Bh2 Ng6 15.exd6 c6
16.Rfe1 O-O 17.Ne5 Nxe5 18.dxe5 Bh8 19.Re4 f5 20.exf6 Nxf6 21.Bxe6+ Kg7 22.Re3 Re8
23.Rae1 Bxe6 24.Rxe6 Rf8 25.Be5 Kg8 26.Qd3 Bg7 27.Qg6 Rf7 28.Bxf6 Rxf6 29.Re8+ Rf8
30.Rxd8 Raxd8 31.Re7  1-0

[Event "26th Le Touquet Open"]
[Site "Le Touquet FRA"]
[Date "2011.10.26"]
[Round "6.25"]
[White "Burg,H"]
[Black "Durpaire,A"]
[Result "1/2-1/2"]
[WhiteElo "1888"]
[BlackElo "1946"]

1.e4 d6 2.d4 g6 3.Nc3 Bg7 4.Be3 a6 5.Qd2 b5 6.f3 Bb7 7.Nh3 Nd7 8.Nf2 e5 9.dxe5 Nxe5
10.Rd1 Nf6 11.b3 O-O 12.Nd3 Nfd7 13.Be2 Qe7 14.O-O Rfe8 15.Nf4 Rac8 16.Nfd5 Qf8
17.f4 Nc6 18.Bg4 Red8 19.f5 Qe8 20.fxg6 hxg6 21.Bg5 Nce5 22.Bxd8 Rxd8 23.Bxd7 Nxd7
24.Nxc7 Qe5 25.N3d5 Nc5 26.Qf4 Rd7 27.Qxe5 Bxe5 28.Ne8 Kf8 29.Nef6 Rd8 30.c4 bxc4
31.bxc4 Kg7 32.Ng4 Nxe4 33.Nxe5 dxe5 34.Rd3 f5 35.Ra3 Nd2 36.Nc7 Rd7 37.Nxa6 Nxc4
38.Nc5 Rd2 39.Rg3 f4 40.Rg5 Bd5 41.Re1 Kf6 42.h4 Ne3 43.Nd7+ Ke6 44.Nf8+ Kf6
45.Nd7+  1/2-1/2

[Event "26th Le Touquet Open"]
[Site "Le Touquet FRA"]
[Date "2011.10.26"]
[Round "7.26"]
[White "Levers,T"]
[Black "Vigneron,J"]
[Result "1/2-1/2"]
[WhiteElo "1933"]
[BlackElo "1903"]

1.d4 g6 2.e4 Bg7 3.Nc3 d6 4.Bg5 a6 5.a4 b6 6.Bc4 Qd7 7.e5 e6 8.f4 h6 9.Bh4 Ne7
10.Ne4 Ng8 11.Be2 d5 12.Nf2 h5 13.Nd3 Nh6 14.Nf3 Bb7 15.Qd2 Nf5 16.h3 Nxh4
17.Nxh4 c6 18.a5 Qc7 19.axb6 Qxb6 20.Nf3 Nd7 21.Qc3 a5 22.b4 axb4 23.Rxa8+ Bxa8
24.Qxb4 Qxb4+ 25.Nxb4 O-O 26.Kd2 c5 27.Bb5 cxb4 28.Bxd7 Rd8 29.Ba4 Bb7 30.Rb1 Bf8
31.Ne1 Ba6 32.Ra1 Bc5 33.g4 hxg4 34.hxg4 Ra8 35.Nd3 Bxd3 36.Kxd3 Be7 37.g5 Bf8
38.Kd2 Be7 39.Ra2 Bf8 40.Bb3 Rxa2 41.Bxa2 Kg7 42.Kc1 Kg8 43.Kb2 Kg7 44.Kb3 Kg8
45.Ka4 Be7 46.Kb5 Kf8 47.Kc6 Ke8 48.Bb3 Kd8 49.Ba4 Bf8 50.Bb5  1/2-1/2

[Event "1st Central Asia Cup"]
[Site "Tashkent UZB"]
[Date "2011.10.26"]
[Round "9.24"]
[White "Gadoev,T"]
[Black "Rustamov,Al"]
[Result "0-1"]
[WhiteElo "2025"]
[BlackElo "2201"]

1.e4 g6 2.d4 Bg7 3.Nc3 d6 4.Be3 c6 5.Qd2 b5 6.Bd3 Nd7 7.O-O-O b4 8.Nce2 Qa5
9.Kb1 c5 10.h4 h5 11.Nh3 Ngf6 12.f3 Qc7 13.dxc5 Nxc5 14.Bb5+ Bd7 15.Bxd7+ Nfxd7
16.Ng5 a5 17.Qd5 O-O 18.Bxc5 Nxc5 19.Nxf7 e6 20.Qxd6 Rxf7 21.Qxc7 Rxc7 22.Nf4 Kf7
23.Rhe1 Be5 24.Nd3 Bg3 25.Rh1 Nxd3 26.cxd3 Rac8 27.Rh3  0-1

[Event "6th Kavalier Open"]
[Site "Vienna AUT"]
[Date "2011.10.26"]
[Round "3"]
[White "Czvitkovics,H"]
[Black "Weinzettl,E"]
[Result "1/2-1/2"]
[WhiteElo "1726"]
[BlackElo "2299"]

1.e4 d6 2.d4 g6 3.Nc3 Bg7 4.Nf3 Nf6 5.Be2 O-O 6.O-O Bg4 7.h3 Bxf3 8.Bxf3 Nc6
9.Be3 a6 10.a3 Nd7 11.Ne2 e5 12.c3 Qe7 13.Qc2 a5 14.b3 a4 15.b4 Nb6 16.d5 Nb8
17.c4 f5 18.c5 N6d7 19.Rac1 Na6 20.c6 bxc6 21.dxc6 f4 22.Bd2 Nf6 23.Qc4+ Kh8
24.Nc3 Qd8 25.Nxa4 h5 26.Nc3 g5 27.Nd5 g4 28.hxg4 hxg4 29.Nxf6 gxf3 30.Ng4 Qh4
31.Nh2 fxg2 32.Kxg2 f3+ 33.Kh1 Rf6 34.Rg1 Bh6 35.Rg4 Qxf2 36.Rcg1 Qxg1+ 37.Kxg1 Bxd2
38.Kf2 Bf4 39.Qf1 Nxb4 40.Qh3+ Rh6 41.Rh4 Nd3+ 42.Kxf3 Rxh4 43.Qxh4+ Kg8
44.Qg4+ Kh8 45.Qh5+ Kg7 46.Qg4+ Kh8 47.Qh5+ Kg7 48.Qg4+  1/2-1/2

[Event "33rd Arco Open"]
[Site "Arco ITA"]
[Date "2011.10.27"]
[Round "6"]
[White "Badano,F"]
[Black "Kern,B"]
[Result "1-0"]
[WhiteElo "1741"]
[BlackElo "1691"]

1.e4 g6 2.d4 d6 3.Nc3 Bg7 4.Be3 Nc6 5.Qd2 Nf6 6.f3 O-O 7.O-O-O e6 8.Bh6 a6
9.h4 b5 10.Bxg7 Kxg7 11.h5 Nxh5 12.g4 Nf6 13.Qh6+ Kh8 14.Nge2 Rg8 15.e5 Qf8
16.exf6 Qxh6+ 17.Rxh6 g5 18.Ng3 Rg6 19.Rxg6 hxg6 20.Nce4 e5 21.Nxg5 Kg8 22.d5 Nd4
23.c3  1-0

[Event "19th Skopje Open"]
[Site "Skopje MKD"]
[Date "2011.10.27"]
[Round "4"]
[White "Stoilkovski,J"]
[Black "Karatrajkov,Nikola"]
[Result "0-1"]
[WhiteElo "1954"]
[BlackElo "1763"]

1.e4 g6 2.d4 Bg7 3.Nc3 d6 4.Be3 Nf6 5.f3 O-O 6.Qd2 Nbd7 7.Bc4 c5 8.dxc5 Nxc5
9.Nge2 Be6 10.Bb3 Nxb3 11.axb3 a6 12.O-O Qc7 13.Bh6 Rfd8 14.Bxg7 Kxg7 15.Qd4 Rac8
16.Nf4 Qc5 17.Nxe6+ fxe6 18.Rfd1 Qxd4+ 19.Rxd4 Rc6 20.Rc4 Rdc8 21.Rxc6 Rxc6
22.Rc1 Nd7 23.Ne2 e5 24.Kf2 Nc5 25.Ke3 g5 26.Kd2 Rc8 27.h4 Kg6 28.Rh1 g4
29.b4 gxf3 30.gxf3 Ne6 31.c3 Rf8 32.Ke3 Kf6 33.Ng3 Nf4 34.Rg1 b6 35.Nf5 Rd8
36.Nh6 a5 37.bxa5 bxa5 38.Ra1 Rb8 39.Ra2 Ng2+ 40.Kf2 Nxh4 41.Ng4+ Kf7 42.Ne3 Ng6
43.Nc4 Nf4 44.Ke3 Rg8 45.b4 Rc8 46.Nxa5 Rxc3+ 47.Kf2 Nd3+ 48.Kg3 Nxb4 49.Rb2 Nd3
50.Rb3 Rxb3 51.Nxb3 Nf4 52.Nd2 Kf6 53.Nf1 Kg5 54.Ne3 h5 55.Nf5 Ng6 56.Ne3 h4+
57.Kf2 e6 58.Ng2 h3 59.Ne3 Kf4 60.Nf1 Nh4 61.Nh2 d5 62.exd5 exd5 63.Nf1  0-1

[Event "1st WCGD"]
[Site "Dresden GER"]
[Date "2011.10.28"]
[Round "6"]
[White "Schellmann,F"]
[Black "Hoffmann,Ra"]
[Result "1/2-1/2"]
[WhiteElo "2046"]
[BlackElo "2134"]

1.e4 g6 2.d4 Bg7 3.Nc3 d6 4.f4 Nf6 5.Nf3 O-O 6.Bd3 c5 7.dxc5 dxc5 8.e5 Nd5
9.Nxd5 Qxd5 10.Qe2 Nc6 11.Be4 Qd8 12.Be3 Qa5+ 13.c3 Bd7 14.O-O Rac8 15.Nd2 Nd8
16.Qf2 Qc7 17.Nb3 b6 18.Rad1 Be6 19.Bd5 Bxd5 20.Rxd5 Nc6 21.Rfd1 Rfd8 22.Rxd8+ Rxd8
23.Rxd8+ Qxd8 24.Qd2 f6 25.Qxd8+ Nxd8 26.exf6 exf6 27.Nd2 Kf7 28.Kf2 Ke6
29.Kf3 Kd5 30.c4+ Kd6 31.Ne4+ Ke7 32.Nc3 f5 33.Nd5+ Kd6 34.b3 Ne6 35.Ke2 Nc7
36.Nxc7 Kxc7 37.Kd3  1/2-1/2

[Event "12th Liberec Open"]
[Site "Liberec CZE"]
[Date "2011.10.28"]
[Round "8"]
[White "Krtous,Z1"]
[Black "Bednar,Ma"]
[Result "0-1"]
[WhiteElo "2080"]
[BlackElo "2257"]

1.e4 g6 2.d4 Bg7 3.Nc3 d6 4.Be3 c6 5.Qd2 Qa5 6.O-O-O b5 7.Kb1 b4 8.Nce2 Nf6
9.f3 Nbd7 10.Nf4 Rb8 11.g4 Nb6 12.b3 h5 13.g5 Nfd7 14.Nd3 Na8 15.f4 Nc7 16.Nb2 d5
17.f5 Nb5 18.Bxb5 Qxb5 19.fxg6 fxg6 20.exd5 cxd5 21.Nf3 O-O 22.Bf4 Rb6 23.Nd3 Qa5
24.Nfe5 Nxe5 25.Bxe5 Bxe5 26.dxe5 Bf5 27.a4 Rc8 28.Rc1 Rc3 29.Kb2 Rbc6 30.Rhf1 Qb6
31.Rxf5 Qd4 32.Rf8+ Kxf8 33.Qf4+ Qxf4 34.Nxf4 d4  0-1

[Event "50th TCh-DEN XtraCon 2011-12"]
[Site "Denmark DEN"]
[Date "2011.10.29"]
[Round "1.6"]
[White "Pedersen,JanR"]
[Black "Hoi,C"]
[Result "0-1"]
[WhiteElo "2204"]
[BlackElo "2372"]

1.e4 g6 2.d4 Bg7 3.Nc3 d6 4.f4 Nc6 5.Be3 Nf6 6.d5 Nb8 7.Nf3 c6 8.Bd3 cxd5
9.exd5 O-O 10.h3 Qa5 11.Bc4 b5 12.Bb3 b4 13.Ne2 Bb7 14.Bd4 Nxd5 15.Bxg7 Kxg7
16.Qd4+ Nf6 17.O-O-O Nd7 18.Kb1 Qc5 19.Rhe1 a5 20.Ng3 a4 21.Bc4 Bxf3 22.gxf3 Rfc8
23.Qxc5 Rxc5 24.Bd3 Kf8 25.f5 Ne5 26.fxg6 hxg6 27.Be4 d5 28.Bxd5 Nxd5  0-1

[Event "Banicky kahanec 2011"]
[Site "Zajezova SVK"]
[Date "2011.10.29"]
[Round "7"]
[White "Cech,P"]
[Black "Meszaros,Mi"]
[Result "1-0"]
[WhiteElo "2369"]
[BlackElo "2377"]

1.e4 g6 2.d4 Bg7 3.Nc3 d6 4.Be3 a6 5.Qd2 Nd7 6.Bd3 b5 7.a4 b4 8.Nce2 c5 9.Nf3 Bb7
10.O-O Qc7 11.Ng3 h6 12.h4 Ngf6 13.h5 Nxh5 14.Nxh5 gxh5 15.Qe2 a5 16.c3 bxc3
17.bxc3 Nf6 18.e5 Ng4 19.Bb5+ Kf8 20.Bf4 dxe5 21.dxe5 Bd5 22.Rad1 Qb7 23.c4 Bc6
24.Nh4 f6 25.Ng6+ Kf7 26.Nxh8+ Bxh8 27.e6+ Kg6 28.Bxc6 Qxc6 29.f3 Ne5 30.Rfe1 Qxe6
31.Qe4+ Qf5 32.Qxa8 Qxf4 33.Rxe5 Qxe5 34.Qxh8 Qe3+ 35.Kh1 Qe6 36.Qe8+ Kg5
37.Qd8 f5 38.Qd5 Qf6 39.Qxc5 Kg6 40.Qd4  1-0

[Event "33rd Arco Open"]
[Site "Arco ITA"]
[Date "2011.10.30"]
[Round "9"]
[White "Niccoli,P"]
[Black "Romagnoli,R"]
[Result "1/2-1/2"]
[WhiteElo "1943"]
[BlackElo "2086"]

1.e4 d6 2.d4 g6 3.Nc3 Bg7 4.Be3 Nd7 5.Qd2 c6 6.f3 Ngf6 7.Bh6 O-O 8.h4 Nh5
9.Nge2 e5 10.g4 exd4 11.Bxg7 Nxg7 12.Nxd4 Ne5 13.Be2 Qf6 14.O-O-O Ne6 15.Rdf1 Qf4
16.Nxe6 Qxd2+ 17.Kxd2 Bxe6 18.Ke3 Rfd8 19.Rd1 Rd7 20.Rd2 Rad8 21.Rhd1 Bc4
22.b3  1/2-1/2